| 000 | 00669 a2200205 4500 | ||
|---|---|---|---|
| 010 | _aENG-85674 | ||
| 020 | _c195.00 | ||
| 035 | _aEN-69207 | ||
| 037 | _bD.B.Act / Pub | ||
| 082 | 1 | 4 | _aN |
| 090 |
_c3419 _d3419 |
||
| 100 | 1 | _aChunder, P. C. | |
| 245 | 1 |
_aSeeds of desire _cby P. C. Chunder translated by B. M. Bhalla |
|
| 260 |
_aChandigarh _bUnistar Books _c2005 |
||
| 270 |
_aS.C.O. 26-27, Sector 34 A, _bChandigarh _e160 022 _k0172-5077427, 5077428 _minfo@unistarbooks.com |
||
| 300 |
_a103 p. _c22 cm ( Hb.) |
||
| 710 | _aBhalla, B. M | ||
| 942 |
_adpl _cEN _kN / CHU |
||
| 999 |
_c3352 _d3352 |
||